Statistics for Largest Islands of Malay Archipelago - Map

Click here to take the quiz!

General Stats

  • This quiz has been taken 230 times
  • The average score is 12 of 20

Answers on the Map

Answers color-coded by a green-red scale on the quiz's map according to % correct below.
 

Answer Stats

km2Island% Correct
748,168Borneo
99%
138,794Java
99%
480,848Sumatra
99%
785,753New Guinea
96%
180,681Sulawesi
95%
109,965Luzon
92%
28,418Timor
90%
97,530Mindanao
88%
14,154Flores
66%
12,189Palawan
62%
13,075Negros
48%
10,711Sumba
44%
12,011Panay
39%
14,386Sumbawa
38%
18,040Halmahera
35%
10,572Mindoro
35%
17,454Seram
31%
11,413Bangka
30%
12,849Samar
30%
11,742Yos Sudarso
19%

Score Distribution

Percentile by Number Answered

Percent of People with Each Score

Your Score History

You have not taken this quiz